000 00647nam a22002297a 4500
003 OSt
005 20210414104754.0
008 210307s1980 ||||| |||| 00| 0 eng d
020 _a0345295331
040 _aeng
_beng
_cDLC
041 _aeng
080 _a821.111
_bN-58
100 _91294
_aNichols, John
245 _aThe Milagro Beanfield War
_c/ by: Ballantine Books
260 _aNew York
_bBallantine Books
_c1980
300 _a629 p.
365 _b3.50 usd
650 0 _9254
_aEnglish literature
653 _aინგლისური ლიტერატურა
700 _91295
_aTempleton, Rini
_eIllustrator
942 _2udc
_cBK
999 _c2030
_d2030